[Event "OMA-ch"]
[Site "Muscat"]
[Date "2019.12.07"]
[Round "7"]
[White "Al Ghafri, Amer"]
[Black "Musallam Salim, Al Aamri"]
[Result "1-0"]
[WhiteElo "1629"]
[BlackElo "1726"]
[PlyCount "57"]
[EventDate "2019.12.02"]
[EventType "swiss"]
[EventRounds "9"]
[EventCountry "OMN"]
[SourceTitle "CBM 195 Extra"]
[Source "ChessBase"]
[SourceDate "2020.05.31"]
[SourceVersion "1"]
[SourceVersionDate "2020.05.31"]
[SourceQuality "1"]

1. c4 e5 2. Nc3 Nf6 3. e4 Bb4 4. Nge2 Nc6 5. a3 Bc5 6. b4 Bxf2+ 7. Kxf2 Ng4+ 8. Kg1 Qf6 9. Qe1 Ne7 10. h3 Nh6 11. Nd5 Nxd5 12. cxd5 Qg6 13. d3 f5 14. Qg3 Qf6 15. Bb2 f4 16. Nxf4 Qb6+ 17. Kh2 exf4 18. Qxg7 Nf7 19. Bd4 Qd6 20. Bc5 Qg6 21. Bd4 Rg8 22. Qxg6 hxg6 23. Be2 d6 24. Rac1 b6 25. Rxc7 Bd7 26. Rf1 g5 27. Bh5 Rf8 28. Bg7 Kd8 29. Rfc1 1-0